000 00337nam a2200121Ia 4500
008 240731s9999 xx 000 0 und d
022 _a1532-4141
245 0 _aCommunications in Statistics - Simulation and Computation
260 _bTaylor & Francis
856 _uhttps://www.tandfonline.com/loi/lssp20
942 _2ddc
942 _cTFEJ
999 _c75994
_d75994
945 _a1
_bMadushi Gamage
_c1
_dMadushi Gamage